000 00697nam a2200217Ii 4500
003 JO-AjNU
008 230606s9999||||xx |||||||||||||| ||und||
020 _a978-1-138-66683-2/978-1-138-66684-9/978-0-367-82378-8
040 _aJO-AjNU
_beng
_erda
_cJO-AjNU
041 _aeng
050 1 4 _aCB203.S7324 2020
100 3 _aSteen,Charlie R,
_eauthor
_96140
245 0 2 _aA Cultural History of Early Modern Europe
250 _a1th ed
264 3 1 _aNew York and London:Routledge,2020
300 _a381p
_bIncludes bibliographical references
336 _atext
_btxt
_2rdacontent
337 _aunmediated
_bn
_2rdamedia
338 _avolume
_bnc
_2rdacarrier
650 4 _aEurope-Civilization
_96141
999 _aE3187
_c3183
_d3183